000 00982nam0a22002411 4500
001 rc\364942
005 20030307123510.4
035 _a(NLR Aleph) 005595458
090 _a6256992
_c6256992
100 _a20030307d1989 u |0rusy50 ca
101 0 _arus
102 _aRU
105 _ay |||||||||
200 1 _aНИЗОРАЛ в терапии грибковых заболеваний кожи
_eМетод. рекомендации
_fМ-во здравоохранения СССР. Четвертое гл. упр.
_g[Сост. чл.-корр. АМН СССР проф. Н.С. Потекаев и др.]
210 _aМ.
_cБ. и.
_d1989
215 _a[2], 10 с.
_d20
702 1 _aПотекаев
_bН. С.
_gНиколай Сергеевич
_4220
712 0 1 _aСССР
_bМ-во здравоохранения
_bГлавное упр.
_c4
_3RU\NLR\AUTH\889996001
801 0 _aRU
_bNLR
_gpsbo
801 1 _aRU
_bELAR
_2rusmarc
852 _aNLR
_j89-4/21888
942 _cBOOK
980 _aNB